The Pakistan army war 1965 (Record no. 234461)
[ view plain ]
| 000 -LEADER | |
|---|---|
| fixed length control field | 00554 a2200157 4500 |
| 003 - CONTROL NUMBER IDENTIFIER | |
| control field | Nust |
| 005 - DATE AND TIME OF LATEST TRANSACTION | |
| control field | 20170321113054.0 |
| 008 - FIXED-LENGTH DATA ELEMENTS--GENERAL INFORMATION | |
| fixed length control field | 170321b xxu||||| |||| 00| 0 eng d |
| 040 ## - CATALOGING SOURCE | |
| Transcribing agency | Nust |
| 082 ## - DEWEY DECIMAL CLASSIFICATION NUMBER | |
| Classification number | 355.0095491 |
| Author Mark | RIZ |
| 100 ## - MAIN ENTRY--PERSONAL NAME | |
| Personal name | Riza,Shaukat |
| 245 ## - TITLE STATEMENT | |
| Title | The Pakistan army war 1965 |
| Statement of responsibility, etc. | Shaukat Riza |
| Medium | English |
| 260 ## - PUBLICATION, DISTRIBUTION, ETC. | |
| Place of publication, distribution, etc. | Lahore |
| Name of publisher, distributor, etc. | Wajidalis private limited |
| Date of publication, distribution, etc. | 1984 |
| 300 ## - PHYSICAL DESCRIPTION | |
| Extent | 24cm |
| Other physical details | xxi,311p,; |
| Dimensions | ill.; |
| 650 ## - SUBJECT ADDED ENTRY--TOPICAL TERM | |
| Topical term or geographic name entry element | Pakistan. Army --History. |
| 655 ## - INDEX TERM--GENRE/FORM | |
| Genre/form data or focus term | includes indes. |
| 942 ## - ADDED ENTRY ELEMENTS (KOHA) | |
| Koha item type | Book |
| Source of classification or shelving scheme | |
| Withdrawn status | Lost status | Source of classification or shelving scheme | Damaged status | Not for loan | Collection code | Permanent Location | Current Location | Shelving location | Date acquired | Total Checkouts | Full call number | Barcode | Date last seen | Copy number | Price effective from | Koha item type |
|---|---|---|---|---|---|---|---|---|---|---|---|---|---|---|---|---|
| Central Library (CL) | Central Library (CL) | Book Cart | 03/21/2017 | 355.0095491 RIZ | CL2046 | 03/21/2017 | 1 | 03/21/2017 | Book | |||||||
| Central Library (CL) | Central Library (CL) | 03/21/2017 | 355.0095491 RIZ | SEECS009532 | 03/03/2024 | 03/03/2024 | Book | |||||||||
| Central Library (CL) | Central Library (CL) | 03/03/2024 | 355.0095491 RIZ | SEECSD00420 | 03/03/2024 | 03/03/2024 | Book |
